[Event "NOR-ch Class4"]
[Site "Lillehammer"]
[Date "2013.06.29"]
[Round "7"]
[White "Alfstad, Jon Tomas"]
[Black "Engan, Kari Kristine"]
[Result "1/2-1/2"]
[WhiteElo "1046"]
[BlackElo "1055"]
[PlyCount "56"]
[EventDate "2013.06.29"]
[EventType "swiss"]
[EventRounds "9"]
[EventCountry "NOR"]
[SourceTitle "EXT 2017"]
[Source "ChessBase"]
[SourceDate "2016.10.25"]
[SourceVersion "1"]
[SourceVersionDate "2016.10.25"]
[SourceQuality "1"]

1. e4 e5 2. Nf3 Nc6 3. Nc3 Nf6 4. d3 h6 5. a3 d6 6. Be2 Be7 7. 0-0 0-0 8. b4 a5 9. b5 Na7 10. a4 b6 11. Nd5 Bb7 12. Nxe7+ Qxe7 13. c4 c6 14. Ba3 c5 15. h3 Rad8 16. Qd2 Nh7 17. Nh2 Bc8 18. g4 g5 19. f3 f6 20. Kf2 Be6 21. Rg1 Nc8 22. Nf1 Qf7 23. Ng3 Ne7 24. Rac1 Ng6 25. Rh1 Nh4 26. Nf5 Nxf5 27. exf5 Bc8 28. Rhg1 Rfe8 1/2-1/2

[Event "NOR-ch Class4"]
[Site "Lillehammer"]
[Date "2013.06.29"]
[Round "6"]
[White "Engan, Kari Kristine"]
[Black "Suntharalingam, Jeya"]
[Result "0-1"]
[WhiteElo "1055"]
[BlackElo "1118"]
[PlyCount "62"]
[EventDate "2013.06.29"]
[EventType "swiss"]
[EventRounds "9"]
[EventCountry "NOR"]
[SourceTitle "EXT 2017"]
[Source "ChessBase"]
[SourceDate "2016.10.25"]
[SourceVersion "1"]
[SourceVersionDate "2016.10.25"]
[SourceQuality "1"]

1. e4 e5 2. Nf3 Nc6 3. d4 exd4 4. Nxd4 Bc5 5. Nxc6 bxc6 6. Bd3 d6 7. 0-0 Nf6 8. Be3 Bb6 9. Bxb6 cxb6 10. c4 Ng4 11. f4 Ne3 12. Qd2 Nxf1 13. Kxf1 0-0 14. Nc3 Qh4 15. Kg1 a5 16. Na4 Qd8 17. b3 Ba6 18. Nc3 b5 19. Qe3 Qf6 20. Rc1 b4 21. Na4 Rfe8 22. Re1 c5 23. Nb6 Ra7 24. Nd5 Qh6 25. Qg3 Bb7 26. Ne3 Qg6 27. Qf2 Qf6 28. Ng4 Qc3 29. Qe2 Bc6 30. Nf2 Rae7 31. Qh5 Qxe1+ 0-1